Medzinárodný elektrotechnický slovník. Kapitola 461: Elektrické káble : STN IEC 50 (461)+ A1

Salvato in:
Dettagli Bibliografici
Natura: Libro
Lingua:slovacco
Pubblicazione: Bratislava : Úrad pre normalizáciu, metrológiu a skúšobníctvo SR, 1997
Tags: Aggiungi Tag
Nessun Tag, puoi essere il primo ad aggiungerne!!

MARC

LEADER 00000nam a22000003a 4500
001 0081885
003 SK-STU
005 20200618104426.3
007 ta
008 200618s ----xo-----e------000-0-----d
040 |a STU  |b slo 
041 0 |a slo 
044 |a xo 
080 |a 621.315.2:001.4 
245 1 0 |a Medzinárodný elektrotechnický slovník. Kapitola 461: Elektrické káble :  |b STN IEC 50 (461)+ A1 
260 |a Bratislava :  |b Úrad pre normalizáciu, metrológiu a skúšobníctvo SR,  |c 1997 
300 |a 72 s. 
996 |b 284EO00520  |c E*O-520  |l EE32  |s P  |a 0  |w 0081885_0001